Elementos de geometría proyectiva
保存先:
| 第一著者: | |
|---|---|
| フォーマット: | 図書 |
| 言語: | スペイン語 |
| 出版事項: |
Ciudad de México
Continental
1965
|
| 主題: | |
| タグ: |
タグ追加
タグなし, このレコードへの初めてのタグを付けませんか!
|
MARC
| LEADER | 00000nam a2200000 a 4500 | ||
|---|---|---|---|
| 001 | UCW0859 | ||
| 003 | CL-VaPUC | ||
| 008 | 891031e19650000MX |||||||||||||||||spa|d | ||
| 082 | 0 | 4 | |a 516.5 |b SEI |2 21 |
| 100 | 0 | |a Seidenberg, A |e author |9 304782 | |
| 245 | 1 | 0 | |a Elementos de geometría proyectiva |
| 300 | |a 295 p | ||
| 942 | |c BK | ||
| 945 | |d 19891031 00:00:00 | ||
| 260 | |a Ciudad de México |b Continental |c 1965 | ||
| 650 | 0 | |a Geometría proyectiva |9 262638 | |
| 650 | 0 | |a Álgebra |9 259567 | |
| 583 | |a last modification |c 19891031 00:00:00 |k Rodrigo Vera | ||
| 999 | |c 215893 |d 215891 | ||
| 952 | |0 0 |1 0 |4 0 |6 516_500000000000000_SEI_1965 |7 0 |8 A |9 201084 |a BIBMAT |b BIBMAT |d 2019-11-14 |i 2682354 |o 516.5 SEI 1965 |p 2682354 |r 2025-01-07 |w 2019-11-14 |y BK |k MAT | ||
| 952 | |0 0 |1 0 |4 0 |6 516_500000000000000_SEI_1965 |7 0 |8 A |9 201086 |a BIBMAT |b BIBMAT |d 2019-11-14 |i 3034488 |o 516.5 SEI 1965 |p 3034488 |r 2025-01-07 |w 2019-11-14 |y BK |k MAT | ||